La cultura política del nacionalismo argentino (Registro nro. 31473)

Detalles MARC
000 -LEADER
fixed length control field 00319 a2200109 4500
001 - CONTROL NUMBER
control field ART_30501
005 - DATE AND TIME OF LATEST TRANSACTION
control field 20260410162003.0
008 - FIXED-LENGTH DATA ELEMENTS--GENERAL INFORMATION
fixed length control field 260409a
100 1# - MAIN ENTRY--PERSONAL NAME
Personal name Biagi, Marta C.
245 10 - TITLE STATEMENT
Title La cultura política del nacionalismo argentino
773 0# - HOST ITEM ENTRY
Title Foro político
Related parts - Vol. XX (ago. 1997)
Record control number REV30389

No hay ítems disponibles.